| 000 | 00496nam a2200157Ia 4500 | ||
|---|---|---|---|
| 008 | 220216s9999 xx 000 0 und d | ||
| 100 | _aIshihara M | ||
| 245 | 0 | _aPreparation and physical properties of short fiber/thermoplastic elastomer composites | |
| 260 | _bProceedings of the International Rubber Conference, Kobe, Japan, 1995; p319-322 | ||
| 650 | _aThermoplastic elastomer | ||
| 700 | _aMori M | ||
| 700 | _aNagatani A | ||
| 700 | _aOkumura J | ||
| 700 | _aYamaguchi K | ||
| 942 | _cJS | ||
| 999 |
_c65554 _d65554 |
||